Zborník materiálov z rokovania Ústredného výboru Komunistickej strany Slovenska dňa 6. decembra 1977

Bibliographic Details
Corporate Author: Komunistická strana Slovenska. Ústredný výbor (Author)
Format: Book
Language:Slovak
PhysicalDescription:26 s. 21 cm
Published: Bratislava Pravda 1977
Edition:[1. vyd.]
Subjects:

MARC

LEADER 00000cam a2200000 a 4500
001 vtls010291292
003 SK-MaSNL
005 20260302011830.0
008 180814s1977 xo f 000 0 slo
020 |q (brož.) 
040 |a SNK  |b slo  |c SNK  |e AACR2 
041 0 |a slo 
044 |a xo  |c SK 
072 7 |a 329  |x Politické strany a hnutia  |2 konspekt 
080 |a 329.15  |2 2001 
080 |a (437.6)  |2 2001 
080 |a (042.5)  |2 2001 
080 |a (093)  |2 2001 
080 |a (082)  |2 2001 
110 2 |a Komunistická strana Slovenska.  |b Ústredný výbor  |4 aut  |9 186489 
245 1 0 |a Zborník materiálov z rokovania Ústredného výboru Komunistickej strany Slovenska dňa 6. decembra 1977 
250 |a [1. vyd.] 
260 |a Bratislava  |b Pravda  |c 1977 
300 |a 26 s.  |c 21 cm 
500 |a Vyd. politickoorganizačné oddelenie ÚV KSS 
500 |a Na obale: December 1977, č. 5 
610 2 6 |a Komunistická strana Slovenska.  |b Ústredný výbor  |2 SNKKA  |9 186489 
648 7 |a 1977  |2 SNKPH  |9 336325 
655 7 |a prejavy  |2 SNKPH  |9 70401 
655 7 |a dokumenty  |2 SNKPH  |9 70482 
655 7 |a zborníky  |2 SNKPH  |9 70165 
958 |a OND 
999 |c 1007549  |d 1009479 
952 |a SNK  |b SNK  |y PREZ  |7 0  |p 17A1026278  |o snkSC 149381  |i snk2012/9525  |8 1  |0 0  |1 0  |4 0  |d 2012-05-17  |l 0  |r 2025-07-17 00:00:00  |w 2026-02-24